000 00583nam a2200169 i 4500
001 89319
003 ES-MaACL
005 20230906180138.0
007 t|
008 050110s1952 sp ||||1| spa d
100 1 _aLarregla Nogueras, Santiago.
_970345
245 1 0 _aAulas Médicas en Navarra
_b: crónica de un movimiento cultural /
_cSantiago Larregla Nogueras.
260 _aPamplona :
_bDiputación Foral de Navarra,
_c1952 (
_fGómez)
300 _a190 p. ;
_c22 cm.
710 1 _aNavarra (Comunidad Autónoma).
_bDiputación Foral.
_95984
852 _aES-MaACL
_jD-9051
_bR.34399
999 _c89319
_d89319